| 000 | 01181cam a2200301 a 4500 | ||
|---|---|---|---|
| 001 | 3545433 | ||
| 003 | OSt | ||
| 005 | 20220311101323.0 | ||
| 008 | 971014s1998 nyua bf 001 0 eng | ||
| 010 | _a 97045506 | ||
| 020 | _a0471181811 (hardcover : alk. paper) | ||
| 035 | _a(DLC) 97045506 | ||
| 040 |
_aDLC _cDLC _dDLC |
||
| 050 | 0 | 0 |
_aRC469 _b.Ol3 |
| 082 | 0 | 0 |
_a616.89/075 _221 |
| 100 | 1 |
_aOlin, Jason T., _d1964- |
|
| 245 | 1 | 0 |
_aRapid psychological assessment / _cJason T. Olin, Carolyn Keatinge. |
| 260 |
_aNew York : _bJohn Wiley & Sons, _cc1998. |
||
| 300 |
_axvi, 320 p. : _bill. ; _c24 cm. |
||
| 504 | _aIncludes bibliographical references (299-304) and indexes. | ||
| 650 | 0 |
_aPsychodiagnostics _xHandbooks, manuals, etc. |
|
| 700 | 1 | _aKeatinge, Carolyn. | |
| 856 | 4 | 2 |
_3Publisher description _uhttp://www.loc.gov/catdir/description/wiley034/97045506.html |
| 856 | 4 |
_3Table of Contents _uhttp://www.loc.gov/catdir/toc/onix05/97045506.html |
|
| 906 |
_a7 _bcbc _corignew _d1 _eocip _f19 _gy-gencatlg |
||
| 942 |
_2lcc _cBK |
||
| 999 |
_c39985 _d39985 |
||